| 000 | 01206nam a2200337 a 4500 | ||
|---|---|---|---|
| 999 |
_c100413 _d100413 |
||
| 001 | 1569838 | ||
| 003 | ARRUPE | ||
| 005 | 20170607125333.0 | ||
| 008 | 930104s1991 nr b 000 0 eng d | ||
| 010 | _a 92192874 | ||
| 020 | _a9781560339 (pbk.) | ||
| 020 | _a9781560347 (hbk.) | ||
| 035 | _a(OCoLC)26578910 | ||
| 040 |
_aNN _cNN _dPPiU _dDLC |
||
| 042 | _alccopycat | ||
| 043 | _af-nr--- | ||
| 050 | 0 | 0 |
_aDT515.45.I24 _bO33 1991 |
| 100 | 1 |
_aOffiong, Daniel A. _932263 |
|
| 245 | 1 | 0 |
_aWitchcraft, sorcery, magic, and social order among the Ibibio of Nigeria / _cby Daniel A. Offiong. |
| 260 |
_aEnugu, Nigeria : _bFourth Dimension Pub. Co., _c1991. |
||
| 300 |
_av, 146 p. ; _c22 cm. |
||
| 504 | _aIncludes bibliographical references (p. 141-143) and index. | ||
| 650 | 0 |
_aIbibio (African people) _xRites and ceremonies. _932264 |
|
| 650 | 0 |
_aIbibio (African people) _xReligion. _932265 |
|
| 650 | 0 |
_aPhilosophy, Ibibio. _932266 |
|
| 650 | 0 |
_aWitchcraft _zNigeria. _932267 |
|
| 650 | 0 |
_aMagic _zNigeria. _932268 |
|
| 906 |
_a7 _bcbc _ccopycat _d3 _encip _f19 _gy-gencatlg |
||
| 942 |
_2lcc _cMONOGRAPH |
||